[Event "St Petersburg Autumn op"]
[Site "St Petersburg"]
[Date "2011.11.01"]
[Round "5"]
[White "Klevets, Ksenia"]
[Black "Marinin, Viktor"]
[Result "1/2-1/2"]
[WhiteElo "1850"]
[BlackElo "1971"]
[PlyCount "169"]
[EventDate "2011.10.28"]
[EventType "swiss"]
[EventRounds "9"]
[EventCountry "RUS"]
[SourceTitle "EXT 2013"]
[Source "ChessBase"]
[SourceDate "2012.11.22"]
[SourceVersion "1"]
[SourceVersionDate "2012.11.22"]
[SourceQuality "1"]

1. d4 d6 2. Nf3 g6 3. Nbd2 Bg7 4. e4 Nc6 5. c3 e5 6. dxe5 dxe5 7. Bc4 Nf6 8. 0-0 0-0 9. b4 Qe7 10. a4 Be6 11. Qc2 Rfd8 12. Ba3 Bxc4 13. Nxc4 Qe6 14. Ne3 Bh6 15. Rfe1 Rd7 16. Bc1 Rad8 17. Nd5 Bxc1 18. Nxf6+ Qxf6 19. Raxc1 Qe6 20. Qe2 f6 21. Qb5 b6 22. a5 bxa5 23. bxa5 Rb8 24. Qa4 Rb2 25. a6 g5 26. Red1 g4 27. Rxd7 Qxd7 28. Rd1 Qe6 29. Nh4 Qb3 30. Qxb3+ Rxb3 31. g3 Rxc3 32. Nf5 h5 33. Rd7 Nb4 34. Rd8+ Kf7 35. Ra8 Nxa6 36. Rxa7 Nb4 37. Kf1 Ke6 38. Ng7+ Kf7 39. Nf5 Nc2 40. Nd6+ Ke6 41. Nb5 Rc4 42. Nxc7+ Kf7 43. Nd5+ Kg6 44. Rc7 Rxc7 45. Nxc7 Nd4 46. Nd5 Nf3 47. Kg2 Nd2 48. Nc3 Kf7 49. h3 Ke6 50. hxg4 hxg4 51. Nd1 Nxe4 52. Ne3 f5 53. f3 gxf3+ 54. Kxf3 Ng5+ 55. Kf2 e4 56. Nc4 Nf7 57. Ke3 Ne5 58. Nd2 Kd5 59. Nf1 Nd3 60. Nd2 Ke5 61. Nc4+ Ke6 62. Nd2 Kd5 63. Nf1 Ke5 64. Nd2 Nc5 65. Nc4+ Kf6 66. Nd2 Kg5 67. Nf1 Kg4 68. Ke2 Ne6 69. Ne3+ Kg5 70. Kf2 Nd4 71. Kg2 Kf6 72. Kf2 Ke5 73. Ke1 Nb5 74. Ke2 Nd6 75. Nc2 Nc4 76. Nb4 Kf6 77. Nc2 Kg5 78. Nd4 Kg4 79. Kf2 Ne5 80. Ke2 Nd3 81. Ke3 Ne1 82. Kf2 Nf3 83. Ne2 Nd2 84. Nd4 Nc4 85. Ke2 1/2-1/2

[Event "RUS-ch Seniors"]
[Site "Lesnoj Gorodok"]
[Date "2009.10.05"]
[Round "3"]
[White "Marinin, Viktor"]
[Black "Matveenko, Yury"]
[Result "0-1"]
[WhiteElo "2014"]
[BlackElo "2127"]
[PlyCount "52"]
[EventDate "2009.10.03"]
[EventType "swiss"]
[EventRounds "9"]
[EventCountry "RUS"]
[SourceTitle "CBM 132 Extra"]
[Source "ChessBase"]
[SourceDate "2009.11.03"]
[SourceVersion "1"]
[SourceVersionDate "2009.11.03"]
[SourceQuality "1"]

1. d4 d5 2. c4 dxc4 3. e3 Nf6 4. Bxc4 e6 5. Nf3 a6 6. 0-0 c5 7. Qe2 Nc6 8. Rd1 cxd4 9. Nxd4 Nxd4 10. exd4 Be7 11. Nc3 b5 12. Bd3 Bb7 13. Bf4 0-0 14. Rac1 Nd5 15. Be5 Bg5 16. Nxd5 Bxd5 17. Rc3 f6 18. Bc7 Qd7 19. Bb1 Rac8 20. Bb6 Rxc3 21. bxc3 Rc8 22. Bc5 f5 23. Qe5 Bf6 24. Qe3 Bc4 25. Re1 Qd5 26. Qd2 Rxc5 0-1

[Event "Tosno Gubernator Cup Lenregion op"]
[Site "Tosno"]
[Date "2009.09.25"]
[Round "3"]
[White "Presnyakov, Vladimir Sergeevich"]
[Black "Marinin, Viktor"]
[Result "1/2-1/2"]
[WhiteElo "1927"]
[BlackElo "2020"]
[PlyCount "24"]
[EventDate "2009.09.24"]
[EventType "swiss"]
[EventRounds "9"]
[EventCountry "RUS"]
[SourceTitle "EXT 2022"]
[Source "ChessBase"]
[SourceDate "2021.10.06"]
[SourceVersion "1"]
[SourceVersionDate "2021.10.06"]
[SourceQuality "1"]

1. e4 e5 2. Nf3 Nc6 3. Bb5 a6 4. Ba4 Nf6 5. 0-0 Be7 6. Re1 d6 7. h3 0-0 8. c3 Bd7 9. d3 h6 10. Nbd2 Re8 11. Nf1 Bf8 12. Ng3 g6 1/2-1/2

[Event "Novaya Ladoga"]
[Site "Novaya Ladoga"]
[Date "2009.07.13"]
[Round "9"]
[White "Malinin, Yuri"]
[Black "Marinin, Viktor"]
[Result "1-0"]
[WhiteElo "2319"]
[BlackElo "2014"]
[PlyCount "89"]
[EventDate "2009.07.05"]
[EventType "tourn"]
[EventRounds "9"]
[EventCountry "RUS"]
[SourceTitle "EXT 2021"]
[Source "ChessBase"]
[SourceDate "2020.10.23"]
[SourceVersion "1"]
[SourceVersionDate "2020.10.23"]
[SourceQuality "1"]

1. Nf3 d5 2. c4 c6 3. d4 Nf6 4. Nc3 e6 5. Bg5 Be7 6. e3 0-0 7. Bd3 Nbd7 8. 0-0 b6 9. cxd5 exd5 10. Rc1 Bb7 11. Qe2 Re8 12. Rfd1 h6 13. Bf4 Nf8 14. Ne5 N6d7 15. Nf3 Ne6 16. Bg3 Bf6 17. Bf5 g6 18. Bb1 Bg7 19. Qc2 Ng5 20. Nxg5 Qxg5 21. e4 h5 22. h3 Bh6 23. e5 Qe7 24. f4 Nf8 25. Qf2 f5 26. Bh4 Qf7 27. Ne2 Ne6 28. Rc3 c5 29. g4 Kh8 30. gxf5 gxf5 31. Bf6+ Bg7 32. Bxg7+ Nxg7 33. dxc5 bxc5 34. Rxc5 Ne6 35. Rc3 Rg8+ 36. Kf1 d4 37. Rg3 Rxg3 38. Qxg3 Rg8 39. Qh4 Bf3 40. Rd2 Kh7 41. Ng3 d3 42. Bxd3 Nd4 43. Kf2 Qb7 44. Bc4 Rg7 45. Rxd4 1-0

[Event "RUS-ch Seniors"]
[Site "Odintsovo"]
[Date "2008.10.02"]
[Round "1"]
[White "Golcman, Evgeny"]
[Black "Marinin, Viktor"]
[Result "1-0"]
[WhiteElo "2252"]
[BlackElo "2020"]
[PlyCount "77"]
[EventDate "2008.10.02"]
[EventType "swiss"]
[EventRounds "9"]
[EventCountry "RUS"]
[SourceTitle "CBM 127 Extra"]
[Source "ChessBase"]
[SourceDate "2009.01.08"]
[SourceVersion "2"]
[SourceVersionDate "2009.01.28"]
[SourceQuality "1"]

1. c4 g6 2. Nc3 d6 3. d4 Bg7 4. e4 Nc6 5. Be3 e5 6. d5 Nd4 7. Nge2 Nxe2 8. Bxe2 f5 9. exf5 Bxf5 10. Qd2 Nf6 11. h3 0-0 12. Bd3 Bxd3 13. Qxd3 Qd7 14. g4 a6 15. 0-0-0 Rac8 16. Kb1 c6 17. dxc6 Rxc6 18. Rd2 Qf7 19. b3 Rfc8 20. Nd5 Nd7 21. Nb4 R6c7 22. Qd5 Nf6 23. Qf3 Nd7 24. Qxf7+ Kxf7 25. Rf1 Bf8 26. f4 Ke6 27. Rff2 b5 28. Nxa6 Rb7 29. cxb5 Rxb5 30. Rc2 Rxc2 31. Kxc2 Rb7 32. b4 Kf7 33. a4 Bh6 34. g5 exf4 35. Bxf4 Rb6 36. b5 Bf8 37. Kb3 Ke6 38. Be3 Rb7 39. Nb4 1-0

[Event "Northwest-ch Seniors"]
[Site "Petrozavodsk"]
[Date "2008.01.23"]
[Round "3"]
[White "Marinin, Viktor"]
[Black "Stebunov, Alexander A"]
[Result "1/2-1/2"]
[WhiteElo "2020"]
[BlackElo "2022"]
[PlyCount "84"]
[EventDate "2008.01.21"]
[EventType "swiss"]
[EventRounds "9"]
[EventCountry "RUS"]
[SourceTitle "EXT 2010"]
[Source "ChessBase"]
[SourceDate "2010.11.25"]
[SourceVersion "1"]
[SourceVersionDate "2010.11.25"]
[SourceQuality "1"]

1. d4 Nf6 2. c4 c5 3. d5 b5 4. cxb5 d6 5. Nc3 g6 6. e4 Bg7 7. Nf3 0-0 8. Bc4 a6 9. 0-0 Nbd7 10. a4 Nb6 11. Bd3 axb5 12. Bxb5 Ba6 13. Bf4 Bxb5 14. axb5 Nfd7 15. Qe2 Qc7 16. Bg5 Ne5 17. Nxe5 Bxe5 18. f4 Bd4+ 19. Kh1 f6 20. Bh4 Rxa1 21. Rxa1 Ra8 22. Ra6 Qb7 23. Be1 c4 24. Rxa8+ Qxa8 25. Qd1 Be3 26. g3 Kf7 27. Kg2 Bc5 28. Bf2 Qc8 29. Bd4 Ke8 30. Qg1 Kd7 31. e5 Qa8 32. Bxc5 Nxd5 33. Kh3 dxc5 34. Qxc5 Nxf4+ 35. Kg4 Nd3 36. Qd4+ Ke8 37. exf6 Qc8+ 38. Kf3 Qf5+ 39. Ke2 Nc1+ 40. Kd1 Qf1+ 41. Kc2 Nb3 42. Qe3 Na1+ 1/2-1/2

[Event "Soukhumi op"]
[Site "Soukhumi"]
[Date "2007.08.10"]
[Round "7"]
[White "Marinin, Viktor"]
[Black "Pushin, Vladimir"]
[Result "0-1"]
[WhiteElo "2051"]
[BlackElo "2297"]
[PlyCount "99"]
[EventDate "2007.08.03"]
[EventType "swiss"]
[EventRounds "9"]
[EventCountry "RUS"]
[SourceTitle "EXT 2009"]
[Source "ChessBase"]
[SourceDate "2008.11.26"]
[SourceVersion "1"]
[SourceVersionDate "2008.11.26"]
[SourceQuality "1"]

1. e4 c5 2. Nc3 Nc6 3. Bb5 e6 4. Bxc6 bxc6 5. d3 d6 6. f4 g6 7. Nf3 Bg7 8. 0-0 Ne7 9. Qe1 Rb8 10. b3 Ba6 11. Bd2 0-0 12. Qg3 d5 13. Rae1 c4 14. bxc4 dxc4 15. d4 Rb2 16. Rc1 c5 17. dxc5 Qc7 18. Kh1 Rd8 19. Rfd1 Rbb8 20. e5 Qxc5 21. Ng5 Nf5 22. Qh3 h6 23. Nge4 Qa3 24. Be1 Bb7 25. Qf3 Rd4 26. Bf2 Rxd1+ 27. Qxd1 Ne3 28. Bxe3 Bxe4 29. Qd4 Bc6 30. Qxa7 Qxa7 31. Bxa7 Rb2 32. Bd4 g5 33. fxg5 hxg5 34. Nd5 Rb7 35. Nb6 Bxe5 36. Bxe5 Rxb6 37. Kg1 Be4 38. g4 Ra6 39. Rb1 Bxc2 40. Rb8+ Kh7 41. Rh8+ Kg6 42. Rg8+ Kh6 43. Rh8+ Bh7 44. Rc8 Ra5 45. Bd4 Ra4 46. Rc7 Bg6 47. Rc5 c3 48. Bxc3 Rxg4+ 49. Kf2 Ra4 50. Bf6 0-1

[Event "Soukhumi op"]
[Site "Soukhumi"]
[Date "2007.08.07"]
[Round "5"]
[White "Marinin, Viktor"]
[Black "Fomichenko, Eduard"]
[Result "0-1"]
[WhiteElo "2051"]
[BlackElo "2445"]
[PlyCount "60"]
[EventDate "2007.08.03"]
[EventType "swiss"]
[EventRounds "9"]
[EventCountry "RUS"]
[SourceTitle "EXT 2009"]
[Source "ChessBase"]
[SourceDate "2008.11.26"]
[SourceVersion "1"]
[SourceVersionDate "2008.11.26"]
[SourceQuality "1"]

1. d4 d5 2. Nf3 c6 3. Bg5 h6 4. Bh4 Qb6 5. Qc1 Bg4 6. Nbd2 Nd7 7. e3 Bxf3 8. Nxf3 e5 9. Bg3 e4 10. Nd2 Ngf6 11. c4 c5 12. dxc5 Bxc5 13. cxd5 0-0 14. Bc4 Rac8 15. 0-0 Bb4 16. Nb3 Bd6 17. Bxd6 Qxd6 18. Nd4 Nxd5 19. Rd1 N5b6 20. b3 Nxc4 21. bxc4 Ne5 22. Qb1 Ng4 23. Qxe4 Qxh2+ 24. Kf1 Qh4 25. Qf4 g5 26. Qf5 Rc5 27. g3 Qh3+ 28. Ke2 Rxf5 29. Nxf5 Ne5 30. e4 Qg4+ 0-1

[Event "Soukhumi op"]
[Site "Soukhumi"]
[Date "2007.08.05"]
[Round "3"]
[White "Monina, Polina"]
[Black "Marinin, Viktor"]
[Result "1/2-1/2"]
[WhiteElo "1836"]
[BlackElo "2051"]
[PlyCount "20"]
[EventDate "2007.08.03"]
[EventType "swiss"]
[EventRounds "9"]
[EventCountry "RUS"]
[SourceTitle "EXT 2009"]
[Source "ChessBase"]
[SourceDate "2008.11.26"]
[SourceVersion "1"]
[SourceVersionDate "2008.11.26"]
[SourceQuality "1"]

1. d4 d6 2. Nf3 g6 3. c4 Bg7 4. Nc3 Nf6 5. Bg5 0-0 6. e3 Na6 7. Be2 c5 8. 0-0 h6 9. Bxf6 Bxf6 10. d5 Nc7 1/2-1/2

[Event "St Petersburg White Nights op"]
[Site "St Petersburg"]
[Date "2006.06.25"]
[Round "3"]
[White "Nikitinyh, Boris Aleksandrovic"]
[Black "Marinin, Viktor"]
[Result "1-0"]
[WhiteElo "2247"]
[BlackElo "2053"]
[PlyCount "127"]
[EventDate "2006.06.23"]
[EventType "swiss"]
[EventRounds "9"]
[EventCountry "RUS"]
[SourceTitle "CBM 112 Extra"]
[Source "ChessBase"]
[SourceDate "2006.07.14"]
[SourceVersion "1"]
[SourceVersionDate "2006.07.14"]
[SourceQuality "1"]

1. e4 e5 2. Nf3 Nc6 3. Bb5 a6 4. Ba4 Nf6 5. 0-0 Nxe4 6. d4 b5 7. Nxe5 Nxe5 8. dxe5 Nc5 9. Bb3 Nxb3 10. axb3 Bb7 11. Nc3 Bc5 12. Qg4 Qe7 13. Ne4 Bxe4 14. Qxe4 0-0 15. Bf4 Rfe8 16. Rfd1 d6 17. Qc6 dxe5 18. Rd7 Qf8 19. Be3 Bd6 20. b4 Red8 21. c3 Rxd7 22. Qxd7 f5 23. f3 h6 24. Qc6 Qc8 25. Bc5 Qd8 26. Bxd6 cxd6 27. Rd1 Ra7 28. Rxd6 Qg5 29. h4 Qxh4 30. Qc8+ Kh7 31. Qxf5+ Kh8 32. Qxe5 Re7 33. Rxh6+ Qxh6 34. Qxe7 Qc1+ 35. Kh2 Qxb2 36. Qe5 Qd2 37. f4 Qf2 38. f5 Kh7 39. Kh3 Qf1 40. Kg3 Qd3+ 41. Kh4 Qd8+ 42. Kh3 Qd3+ 43. Kh2 Qd8 44. Qd4 Qg5 45. g4 Qh4+ 46. Kg2 Qe1 47. Kf3 Qh1+ 48. Kf4 Qh6+ 49. Ke5 Qf6+ 50. Kd5 Qd8+ 51. Kc6 Qc8+ 52. Kb6 Kh6 53. Qd6+ Kg5 54. Qg6+ Kf4 55. Qxg7 Qb8+ 56. Kxa6 Qd6+ 57. Ka5 Qd8+ 58. Kxb5 Qb8+ 59. Kc4 Qa8 60. Qd4+ Kg5 61. b5 Qa2+ 62. Kb4 Qb2+ 63. Kc5 Qa3+ 64. Kb6 1-0